Discurso conmemorativo día del Poder Judicial : (Registro nro. 14074)

Detalles MARC
000 -LEADER
fixed length control field 00893nam a2200241 a 4500
001 - CONTROL NUMBER
control field
003 - CONTROL NUMBER IDENTIFIER
control field DO-SdBNP
005 - DATE AND TIME OF LATEST TRANSACTION
control field 20220314132935.0
008 - FIXED-LENGTH DATA ELEMENTS--GENERAL INFORMATION
fixed length control field 110412s2006 dr r 000 0 spa d
040 ## - CATALOGING SOURCE
Original cataloging agency DO-SdBNP
Language of cataloging spa
Transcribing agency BPMSU
082 ## - DEWEY DECIMAL CLASSIFICATION NUMBER
Classification number 347.7293
Item number S941d 2006
Edition number 22
100 1# - MAIN ENTRY--PERSONAL NAME
Personal name Subero Isa, Jorge A.
Dates associated with a name 1947-
245 10 - TITLE STATEMENT
Title Discurso conmemorativo día del Poder Judicial :
Remainder of title audencia solemne del 7 de enero del 2006 a modo de informe anual /
Statement of responsibility, etc. Jorge A. Subero Isa.
260 ## - PUBLICATION, DISTRIBUTION, ETC. (IMPRINT)
Place of publication, distribution, etc. Santo Domingo :
Name of publisher, distributor, etc. Suprema Corte de Justicia,
Date of publication, distribution, etc. 2006.
300 ## - PHYSICAL DESCRIPTION
Extent 141 p. ;
Dimensions 22 cm.
590 ## - LOCAL NOTE (RLIN)
Local note Inventariado, 2022/VM
650 #4 - SUBJECT ADDED ENTRY--TOPICAL TERM
Topical term or geographic name as entry element Poder judicial
Geographic subdivision República Dominicana
General subdivision Ensayos, conferencias, etc.
650 #4 - SUBJECT ADDED ENTRY--TOPICAL TERM
Topical term or geographic name as entry element Administración de justicia
Geographic subdivision República Dominicana
650 #4 - SUBJECT ADDED ENTRY--TOPICAL TERM
Topical term or geographic name as entry element Discursos
651 #4 - SUBJECT ADDED ENTRY--GEOGRAPHIC NAME
Geographic name Administración de justicia penal
General subdivision Ensayos, conferencias, etc.
910 ## - USER-OPTION DATA (OCLC)
User-option data VMateo V.
942 ## - ADDED ENTRY ELEMENTS (KOHA)
Source of classification or shelving scheme Dewey Decimal Classification
Koha item type Mapas
Existencias
Withdrawn status Lost status Source of classification or shelving scheme Damaged status Not for loan Collection code Home library Current library Date acquired Total Checkouts Full call number Barcode Date last seen Price effective from Koha item type
    Dewey Decimal Classification     Colección Dominicana Biblioteca Pública Metropolitana Salomé Ureña Biblioteca Pública Metropolitana Salomé Ureña 03/14/2022   BPMSU CD 347.7293 S941d 2006 BPMSU22030034 03/14/2022 03/14/2022 Mapas